Normal view
MARC view
Entry Término temático
001 - NÚMERO DE CONTROL
- campo de control: 26535
003 - IDENTIFICADOR DEL NÚMERO DE CONTROL
- campo de control: OSt
005 - FECHA Y HORA DE LA ÚLTIMA TRANSACCIÓN
- campo de control: 20200615033038.0
008 - DATOS DE LONGITUD FIJA
- campo de control de longitud fija: 200615|| aca||aabn | a|a d
040 ## - FUENTE DE LA CATALOGACIÓN
- Centro catalogador/agencia de origen: OSt
- Centro/agencia transcriptor: OSt
150 ## - ENCABEZAMIENTO--TÉRMINO DE MATERIA
- Término de materia o nombre geográfico como elemento de entrada: MÉDICOS
- Subdivisión geográfica: ESPAÑA
- Subdivisión geográfica: ARAGÓN
- Subdivisión general: BIOGRAFÍAS
670 ## - FUENTE DE DATOS ENCONTRADOS
- Cita de la fuente: Work cat.: (OSt)10785: Zubiri Vidal, Fernando. 26534, Médicos aragoneses ilustres /, [1983?].
